Human Resource Management/ (Record no. 205294)

MARC details
000 -LEADER
fixed length control field 00567 a2200169 4500
010 ## - LCCN (DPL NO)
LC control number ENG-141456
020 ## - INTERNATIONAL STANDARD BOOK NUMBER
International Standard Book Number 9789395422260
Terms of availability 350.00
035 ## - SYSTEM CONTROL NUMBER
System control number EN-124988
037 ## - SOURCE OF ACQUISITION
Source of stock number/acquisition DBAD
082 14 - DEWEY DECIMAL CLASSIFICATION NUMBER
Classification number 658.3
Edition number First
100 ## - MAIN ENTRY--PERSONAL NAME
Personal name Supreeth, B.R
245 1# - TITLE STATEMENT
Title Human Resource Management/
Statement of responsibility, etc By B.R. Supreeth
260 ## - PUBLICATION, DISTRIBUTION, ETC. (IMPRINT)
Place of publication, distribution, etc Tamil Nadu
Name of publisher, distributor, etc Shanlax Publications
Date of publication, distribution, etc 2022
270 ## - ADDRESS
Address 61,66 T.P.K . Main Road ,Vasantha Nagar
City Madurai
Postal code 625003
Electronic mail address publisher@shanlaxpublications.com
300 ## - PHYSICAL DESCRIPTION
Extent 192p.:
Dimensions 24cm(Pb)
942 ## - ADDED ENTRY ELEMENTS (KOHA)
Institution code [OBSOLETE] dpl
Item type English Books
Source of classification or shelving scheme Dewey Decimal Classification
Classification part 658.3
Call number suffix SUP
Edition First
Holdings
Withdrawn status Lost status Not for loan Collection code Home library Current library Date acquired Source of acquisition Cost, normal purchase price Full call number Barcode Copy number Cost, replacement price Koha item type
      Non-fiction Shahdara Branch Shahdara Branch 27/08/2024 DBAD 350.00 658.3 SUP EN-124988 1 350.00 English Books

© Delhi Public Library
Hit Counter
free hit counter